000 00793nam a2200205 i 4500
001 109232
003 ES-MaACL
005 20251002200857.0
007 t|
008 061121s1946 ag r ||||1| spa d
100 1 _aMüller, Karl Otfried,
_d1797-1840
_9130370
245 1 0 _aHistoria de la literatura griega hasta la época de Alejandro /
_cKarl Otfried Mueller ; anotada y continuada por Emilio Heitz, traducción de la cuarta edición alemana por Ricardo de Hinojosa.
260 _aBuenos Aires :
_bAmericalee,
_c1946.
300 _a1158 p. ;
_c24 cm.
650 0 4 _aLiteratura griega-
_xHistoria y crítica.
_914599
700 1 _aHeitz, Emilio.
_962405
700 1 _aHinojosa y Naveros, Ricardo de,
_d1860-1919
_963776
852 _aES-MaACL
_jC-3887
999 _c109232
_d109232